[Event "Sao Paulo Salles Cup 12th"]
[Site "Sao Paulo"]
[Date "2018.04.20"]
[Round "1"]
[White "Itagyba, Renan Fortes"]
[Black "Conrado, Carlos Alberto"]
[Result "1-0"]
[WhiteElo "1737"]
[BlackElo "1320"]
[PlyCount "57"]
[EventDate "2018.04.20"]
[EventType "swiss"]
[EventRounds "6"]
[EventCountry "BRA"]
[SourceTitle "CBM 184 Extra"]
[Source "ChessBase"]
[SourceDate "2018.06.28"]
[SourceVersion "1"]
[SourceVersionDate "2018.06.28"]
[SourceQuality "1"]

1. e4 c6 2. Nc3 d5 3. Nf3 dxe4 4. Nxe4 Bf5 5. Ng3 Bg6 6. h4 h6 7. Ne5 Bh7 8. Qf3 Qd5 9. Qxd5 cxd5 10. Bb5+ Kd8 11. Nxf7+ Kc7 12. Nxh8 Bxc2 13. d4 Nf6 14. Bf4+ Kb6 15. Be2 Nbd7 16. 0-0 a6 17. Rac1 Bh7 18. Nf7 e6 19. Ne5 Ka7 20. Nxd7 Nxd7 21. Rc7 Nb6 22. Rfc1 Bg8 23. Be5 g5 24. hxg5 hxg5 25. Nh5 Bb4 26. Rg7 Rf8 27. Rcc7 Rb8 28. a3 Ba5 29. Rce7 1-0